Conmigo vais, mi corazón os lleva : (Record no. 193468)

MARC details
000 -LEADER
campo de control de longitud fija 03206nam a2200493 i 4500
001 - NÚMERO DE CONTROL
campo de control 193468
003 - IDENTIFICADOR DE NÚMERO DE CONTROL
campo de control SpMaBN
005 - FECHA Y HORA DE LA ÚLTIMA TRANSACCIÓN
campo de control 20250709183316.0
007 - CAMPO FIJO DE DESCRIPCIÓN FÍSICA--INFORMACIÓN GENERAL
campo de control de longitud fija ta
008 - DATOS DE LONGITUD FIJA--INFORMACIÓN GENERAL
campo de control de longitud fija 240102s2022 sp a | |||| 000 mdspa
017 ## - NÚMERO DE COPYRIGHT O DE DEPÓSITO LEGAL
Número de copyright o de depósito legal M 18485-2022
Agencia que asigna Oficina Depósito Legal Madrid
020 ## - NÚMERO INTERNACIONAL ESTÁNDAR DEL LIBRO
Número Internacional Estándar del Libro 9788412550757
035 ## - NÚMERO DE CONTROL DEL SISTEMA
Número de control de sistema a7147714
040 ## - FUENTE DE CATALOGACIÓN
Centro catalogador/agencia de origen SpMaBN
Lengua de catalogación spa
Centro/agencia transcriptor SpMaBN
Normas de descripción rda
Centro/agencia modificador ES-MaACL
080 ## - NÚMERO DE LA CLASIFICACIÓN DECIMAL UNIVERSAL
Número de la Clasificación Decimal Universal 821.134.2-82"19"
080 ## - NÚMERO DE LA CLASIFICACIÓN DECIMAL UNIVERSAL
Número de la Clasificación Decimal Universal 821.134.2 Machado, Antonio 2.07
080 ## - NÚMERO DE LA CLASIFICACIÓN DECIMAL UNIVERSAL
Número de la Clasificación Decimal Universal 908(460.186.2)(0:82)
100 1# - ENTRADA PRINCIPAL--NOMBRE DE PERSONA
Nombre de persona Machado, Antonio,
Fechas asociadas al nombre 1875-1939
9 (RLIN) 75151
245 10 - MENCIÓN DEL TÍTULO
Título Conmigo vais, mi corazón os lleva :
Resto del título páginas sorianas de Antonio Machado /
Mención de responsabilidad, etc. Antonio Machado ; edición, selección y notas, César Ibáñez París ; ilustraciones interiores, Gabriele
250 ## - MENCION DE EDICION
Mención de edición Primera edición: julio, 2022
264 #1 - PRODUCCIÓN, PUBLICACIÓN, DISTRIBUCIÓN, FABRICACIÓN Y COPYRIGHT
Producción, publicación, distribución, fabricación y copyright [Alcorcón] :
Nombre del de productor, editor, distribuidor, fabricante Lastura,
Fecha de producción, publicación, distribución, fabricación o copyright [2022]
300 ## - DESCRIPCIÓN FÍSICA
Extensión 266 páginas :
Otras características físicas ilustraciones (blanco y negro y color), planos (blanco y negro) ;
Dimensiones 21 cm
336 ## - TIPO DE CONTENIDO
Término de tipo de contenido Texto
-- Imagen fija
Fuente rdacontent
337 ## - TIPO DE MEDIO
Nombre/término del tipo de medio sin mediación
Fuente rdamedia
338 ## - TIPO DE SOPORTE
Nombre/término del tipo de soporte volumen
Fuente rdacarrier
490 1# - MENCIÓN DE SERIE
Mención de serie Colección Literal
Designación de volumen o secuencia 1
500 ## - NOTA GENERAL
Nota general Incluye apéndices documentales
504 ## - NOTA DE BIBLIOGRAFÍA, ETC.
Nota de bibliografía, etc. Bibliografía: páginas 251-253
520 ## - RESUMEN, ETC.
Sumario, etc. Este libro reúne en un solo volumen todos los textos de Antonio Machado que tienen como referente, directo o indirecto, a Soria. De todos es conocida la vinculación del gran poeta con la ciudad y la provincia, sustentada en tres columnas principales: cinco cursos como catedrático de francés en su instituto, el amor trágico en la figura hermosa y delicada de Leonor Izquierdo y la poesía, cada vez más alejada del modernismo y del simbolismo, de Campos de Castilla. Menos conocidos son los poemas posteriores, las cartas y los muy relevantes trabajos en prosa, en los que se evidencia el mundo de ideas que bulle en la cabeza del poeta en su etapa soriana, próximas a las de otros miembros de su generación, singularmente Unamuno, así como la estrecha relación de Antonio Machado con los periódicos locales. Completa la colección una selección de recortes de prensa que pone de relieve la fidelidad y precisión con que en la prensa de la época se puede seguir la relación Machado-Soria entre 1907 y 1932. (César Ibáñez París, editor)
600 14 - PUNTO DE ACCESO ADICIONAL DE MATERIA--NOMBRE DE PERSONA
Nombre de persona Machado, Antonio,
Fechas asociadas al nombre 1875-1939-
Subdivisión general Crítica e interpretación
Fuente del encabezamiento o término embne
9 (RLIN) 75154
651 #7 - PUNTO DE ACCESO ADICIONAL DE MATERIA--NOMBRE GEOGRÁFICO
Nombre geográfico Soria
Subdivisión general En la literatura
Fuente del encabezamiento o término embne
9 (RLIN) 234751
655 #0 - TERMINO DE INDIZACIÓN--GENERO/FORMA
Datos o término principal de género/forma Críticas literarias
Fuente del término tgfbne
9 (RLIN) 233806
655 #7 - TERMINO DE INDIZACIÓN--GENERO/FORMA
Datos o término principal de género/forma Misceláneas
Fuente del término tgfbne
9 (RLIN) 234752
700 1# - ENTRADA AGREGADA--NOMBRE PERSONAL
Nombre de persona Ibáñez París, César,
Fechas asociadas al nombre 1963-
9 (RLIN) 234753
700 0# - ENTRADA AGREGADA--NOMBRE PERSONAL
Nombre de persona Gabriele
9 (RLIN) 234754
830 ## - PUNTO DE ACCESO ADICIONAL DE SERIE-TÍTULO UNIFORME
Título uniforme Colección Literal ;
Designación de volumen o secuencia 1
9 (RLIN) 234755
852 ## - LOCALIZACIÓN
Ubicación ES-MaACL
itemnumber 200946
Sublocalización o colección R.154815
Ubicación en estantería Depósito J
Número de control de estantería N-9716
Donativo/Legado Donación: César Ibáñez París
Anotaciones manuscritas Dedicatoria autógrafa del autor
Encuadernación Encuadernación rústica con solapas
903 ## - NOMBRE PERSONAL DE DONANTE
a Ibáñez París, César,
c 1963-
e Donante
942 ## - ELEMENTOS DE ENTRADA SECUNDARIOS (KOHA)
Suprimir en OPAC No
Tipo de ítem Koha Libro impreso
Holdings
Estatus retirado Estado de pérdida Fuente del sistema de clasificación o colocación Estado de daño No para préstamo Colección Biblioteca de origen Biblioteca actual Ubicación en estantería Fecha de adquisición Fuente de adquisición Total de préstamos Signatura topográfica completa Código de barras Visto por última vez Precio de reemplazo Tipo de ítem Koha Nota pública
    Clasificación decimal universal     Libros con dedicatorias Biblioteca del Ateneo de Madrid Biblioteca del Ateneo de Madrid Depósito J 08/11/2023 Donación   N-9716 101206226 02/01/2024 02/01/2024 Libro impreso Dedicatoria autógrafa del editor literario